000 00318nam a2200109Ia 4500
008 171211s9999 xx 000 0 und d
245 _aCreate Stunning HTML Email That Just Works
245 _cMathew Patterson
260 _c2010
650 _xWeb Development
856 _uhttp://down.ebook777.com/016/9780980576863.pdf
999 _c350049
_d350049